Llengua catalana, història sagrada i educació social : graus elemental i mig

Gespeichert in:
Bibliographische Detailangaben
1. Verfasser: Dalmau i Carles, Josep, 1857-1928
Format: Buch
Sprache:Katalanisch
Erschienen: Girona : Dalmau Carles, Pla, 1931
Katalog:MANES:  Suchergebnis im Bibliothekskatalog
Schulbuchspezifische Eigenschaften:
Schriftenreihe:Cursos graduats de primera ensenyança Biblioteca pedagògica catalana (Dalmau Carles, Pla, S.A.)
Tags: Tag hinzufügen
Keine Tags, Fügen Sie den ersten Tag hinzu!
Hinzugefügt zu:05.03.2007
Geändert in:07.05.2025

MARC

LEADER 00000nam a2200000 a 4500
003 ES-BaCBU
005 20250507130058.0
008 070306s1931 spca b|l 000 ||cat|c
040 |a ES-BaUB  |b cat  |c ES-BaUB 
100 1 |a Dalmau i Carles, Josep,  |d 1857-1928  |9 27330 
245 1 0 |a Llengua catalana, història sagrada i educació social :  |b graus elemental i mig /  |c per Josep Dalmau Carles 
246 3 |a Enciclopèdia cíclico-pedagògica 
260 |a Girona :  |b Dalmau Carles, Pla,  |c 1931 
300 |a 72 p.:  |b il., grav. 
490 0 |a Biblioteca pedagògica catalana 
500 |a A portada: Correcció ortogràfica d'acord amb les normes de l'Institut d'Estudis Catalans  |a Avant-títol: Enciclopèdia cíclico-pedagògica 
546 |a España 
561 |5 es-CRAI  |3 p2 R TEXT 0 88  |a España. Biblioteca Universitat de Barcelona  |k MANES 
690 0 |a LEN  |a ECS  |a RyM 
691 0 |a PRI 
830 0 |a Cursos graduats de primera ensenyança  |9 9117  |a Biblioteca pedagògica catalana (Dalmau Carles, Pla, S.A.)  |9 27331 
856 |y Registro en Cercabib - CRAI 
942 |2 ddc  |c BK 
999 |c 86749  |d 86749 
999 |c manes:86749  |d 86749